[Event "OLNN 1920 SC Königsspringer HH - SV Di"]
[Site "?"]
[Date "2020.02.09"]
[Round "6.1"]
[White "Kuberczyk, Christoph"]
[Black "Pfreundt, Jakob"]
[Result "1/2-1/2"]
[WhiteElo "2334"]
[BlackElo "2398"]
[PlyCount "92"]
[EventDate "2020.??.??"]

1. c4 g6 2. d4 Bg7 3. e4 d6 4. Nc3 e5 5. Nf3 Nc6 6. Bg5 Bf6 7. Bxf6 Nxf6 8. d5
Nb8 9. Be2 Nbd7 10. b4 a5 11. a3 O-O 12. O-O axb4 13. axb4 Rxa1 14. Qxa1 c5 15.
dxc6 bxc6 16. Rd1 Qb6 17. Qa5 Qxa5 18. bxa5 Bb7 19. Rxd6 Ra8 20. g4 Kf8 21. g5
Ke7 22. Rd1 Nh5 23. Ra1 Nf4 24. Bf1 f6 25. gxf6+ Kxf6 26. Nd2 Nc5 27. Ra3 Bc8
28. f3 g5 29. Kf2 h5 30. Ne2 Rb8 31. Nc1 Rb2 32. Ra2 Rb8 33. Ke3 Ke7 34. Nd3
Ncxd3 35. Bxd3 Kd6 36. Bc2 Ba6 37. Bd3 g4 38. Be2 gxf3 39. Bxf3 h4 40. Ra1 Ne6
41. Rg1 Kc5 42. Rg6 Nd4 43. Rg5 Nc2+ 44. Kd3 Nb4+ 45. Ke3 Nc2+ 46. Kd3 Nb4+
1/2-1/2

[Event "OLNN 1920 SC Königsspringer HH - SV Di"]
[Site "?"]
[Date "2020.02.09"]
[Round "6.2"]
[White "Zimmermann, Julian"]
[Black "Fries-Nielsen, Niels Jorgen"]
[Result "1/2-1/2"]
[WhiteElo "2285"]
[BlackElo "2307"]
[PlyCount "76"]
[EventDate "2020.??.??"]

1. e4 g6 2. d4 Bg7 3. Nc3 a6 4. h4 h5 5. Bg5 d6 6. Qd2 b5 7. Nf3 c6 8. a4 b4 9.
Nd1 a5 10. Ne3 Nf6 11. Bd3 d5 12. exd5 cxd5 13. Qe2 O-O 14. Ne5 Ba6 15. Bb5 Qb6
16. O-O-O Bxb5 17. Qxb5 Qxb5 18. axb5 e6 19. f3 Ra7 20. g4 hxg4 21. Bxf6 Bxf6
22. N3xg4 Bg7 23. f4 Rb7 24. Rdg1 f5 25. Nf2 Bxe5 26. fxe5 Kf7 27. h5 gxh5 28.
Rxh5 Rxb5 29. Rh7+ Ke8 30. Rgg7 Rb6 31. Kd2 a4 32. Nd3 a3 33. bxa3 bxa3 34. Nc5
a2 35. Ra7 Rf7 36. Rh8+ Rf8 37. Rhh7 Rf7 38. Rh8+ Rf8 1/2-1/2

[Event "OLNN 1920 SC Königsspringer HH - SV Di"]
[Site "?"]
[Date "2020.02.09"]
[Round "6.3"]
[White "Wasmuth, Matthias"]
[Black "Rosmann, Ilja"]
[Result "1/2-1/2"]
[WhiteElo "2157"]
[BlackElo "2291"]
[PlyCount "37"]
[EventDate "2020.??.??"]

1. d4 Nf6 2. Nf3 g6 3. Bg5 Bg7 4. Nbd2 d5 5. e3 c5 6. c3 b6 7. Bd3 Bb7 8. Qb1
Nc6 9. b4 cxb4 10. cxb4 Rc8 11. O-O O-O 12. Qb3 Qd6 13. Rab1 e5 14. Bb5 e4 15.
Bf4 Qe6 16. Ne5 Nh5 17. Bxc6 Bxc6 18. Nxc6 Rxc6 19. b5 {(=)} 1/2-1/2

[Event "OLNN 1920 SC Königsspringer HH - SV Di"]
[Site "?"]
[Date "2020.02.09"]
[Round "6.5"]
[White "Becker, Martin"]
[Black "Borgmeyer, Max"]
[Result "1/2-1/2"]
[WhiteElo "1919"]
[BlackElo "2189"]
[PlyCount "23"]
[EventDate "2020.??.??"]

1. e4 c5 2. Nf3 d6 3. d4 cxd4 4. Nxd4 Nf6 5. Nc3 a6 6. Bg5 Nbd7 7. Qe2 e5 8.
Nf5 Qc7 9. f4 h6 10. Bxf6 Nxf6 11. Ne3 b5 12. Ncd5 {(=)} 1/2-1/2

[Event "OLNN 1920 SC Königsspringer HH - SV Di"]
[Site "?"]
[Date "2020.02.09"]
[Round "6.6"]
[White "Wagner, Friedrich"]
[Black "Doederlein, Etienne"]
[Result "1/2-1/2"]
[WhiteElo "2149"]
[BlackElo "1875"]
[PlyCount "108"]
[EventDate "2020.??.??"]

1. c4 e6 2. Nf3 d5 3. b3 Nf6 4. g3 Be7 5. Bg2 d4 6. e3 c5 7. exd4 cxd4 8. O-O
O-O 9. Re1 Nc6 10. d3 Re8 11. a3 a5 12. Bb2 Bf8 13. Ne5 Nxe5 14. Rxe5 Nd7 15.
Re1 e5 16. Nd2 Rb8 17. Qe2 Nf6 18. Bc1 h6 19. Rb1 Bd7 20. b4 axb4 21. axb4 Bc6
22. b5 Bxg2 23. Kxg2 Nd7 24. Nf3 Nc5 25. Qd1 f6 26. Rb2 Ra8 27. Rbe2 Qd7 28.
Rd2 Ra1 29. Qc2 Rea8 30. Bb2 R1a2 31. Rb1 Qf5 32. Qd1 g5 33. Ne1 g4 34. Bc1
R2a4 35. Qe2 h5 36. Rc2 Re8 37. Bb2 Raa8 38. Qd1 Rad8 39. f3 gxf3+ 40. Qxf3
Qxf3+ 41. Kxf3 Nxd3 42. Nxd3 e4+ 43. Kf2 exd3 44. Rd2 Rc8 45. Rxd3 Rxc4 46.
Rbd1 Rc2+ 47. R1d2 Rxd2+ 48. Rxd2 Bh6 49. Rd3 Be3+ 50. Kf3 Re5 51. b6 Rf5+ 52.
Ke4 Re5+ 53. Kf3 Rf5+ 54. Ke4 Re5+ 1/2-1/2

[Event "OLNN 1920 SC Königsspringer HH - SV Di"]
[Site "?"]
[Date "2020.02.09"]
[Round "6.7"]
[White "Holst, Marten"]
[Black "Langmann, Markus"]
[Result "1/2-1/2"]
[WhiteElo "1930"]
[BlackElo "2093"]
[PlyCount "41"]
[EventDate "2020.??.??"]

1. b3 d5 2. e3 Bf5 3. Bb2 Nd7 4. f4 Ngf6 5. Nf3 e6 6. Be2 h6 7. O-O Bd6 8. Nc3
c6 9. Rc1 Qc7 10. d4 g5 11. Ne5 gxf4 12. exf4 Rh7 13. Bd3 Bxd3 14. Qxd3 O-O-O
15. Ne2 Ne4 16. c4 f6 17. cxd5 exd5 18. Ng4 Kb8 19. Ne3 Qb6 20. Nf5 Bc7 21. Nc3
1/2-1/2

[Event "OLNN 1920 SC Königsspringer HH - SV Di"]
[Site "?"]
[Date "2020.02.09"]
[Round "6.8"]
[White "Lampe, Joerg"]
[Black "Cotaru, Andrei"]
[Result "1-0"]
[WhiteElo "2116"]
[BlackElo "1842"]
[PlyCount "114"]
[EventDate "2020.??.??"]

1. e4 d6 2. d4 Nf6 3. Nc3 e5 4. Nf3 exd4 5. Nxd4 Be7 6. Bf4 O-O 7. Qd2 a6 8.
O-O-O b5 9. f3 Re8 10. g4 h6 11. Nf5 Bxf5 12. gxf5 Kh7 13. Rg1 Nbd7 14. Kb1 Rg8
15. Be2 Qc8 16. Be3 c6 17. Rg2 a5 18. Rdg1 b4 19. Na4 d5 20. exd5 cxd5 21. Bb5
Rb8 22. Nb6 Qd8 23. Bxd7 Nxd7 24. Nxd5 Bc5 25. f6 Nxf6 26. Nxf6+ Qxf6 27. Qd3+
Kh8 28. Bxc5 Rbd8 29. Qc4 Qxf3 30. Bd4 f6 31. Rf2 Qe4 32. Rd1 Rd7 33. Qd3 Qg4
34. Rfd2 Rgd8 35. c3 Qf4 36. Re2 bxc3 37. bxc3 a4 38. Rde1 Rb8+ 39. Ka1 Rdd8
40. Qc4 a3 41. Rf2 Re8 42. Qf1 Rxe1+ 43. Qxe1 Qg5 44. Rc2 Qd5 45. Qc1 Qe4 46.
Bc5 Ra8 47. Rd2 Qe5 48. Bxa3 Rc8 49. Bb2 Ra8 50. c4 Qe6 51. a3 Rc8 52. c5 Rc6
53. Rd8+ Kh7 54. Qc2+ f5 55. Qc3 Qe7 56. Rd6 Rc7 57. Rd5 Qg5 1-0

[Event "OLNN 1920 Hamburger SK III - Lübecker "]
[Site "?"]
[Date "2020.02.09"]
[Round "6.1"]
[White "Kalinitschew, Sergey"]
[Black "Gaede, Derek"]
[Result "1/2-1/2"]
[WhiteElo "2439"]
[BlackElo "2269"]
[PlyCount "92"]
[EventDate "2020.??.??"]

1. Nf3 Nf6 2. c4 e6 3. g3 d5 4. b3 d4 5. Bg2 c5 6. O-O Nc6 7. e3 Bd6 8. exd4
cxd4 9. Re1 O-O 10. d3 e5 11. Bg5 h6 12. Bxf6 Qxf6 13. a3 a5 14. Nbd2 Qe7 15.
Nxe5 Nxe5 16. f4 Bg4 17. Qc2 Qc7 18. fxe5 Bxe5 19. c5 h5 20. Nc4 Rae8 21. Qd2
Qxc5 22. Qxa5 Qxa5 23. Nxa5 b6 24. Nc4 Bc7 25. a4 Bf5 26. Be4 Bxe4 27. dxe4 Re6
28. Rad1 b5 29. axb5 Rb8 30. Rxd4 Rxb5 31. Rd3 h4 32. Kg2 hxg3 33. hxg3 Rg5 34.
Rf3 Rg4 35. e5 f6 36. Rfe3 fxe5 37. Re4 Rxe4 38. Rxe4 Kf7 39. b4 Ke7 40. b5 Kd7
41. Rg4 g6 42. Kf3 e4+ 43. Ke3 Ke7 44. Nd2 Bb6+ 45. Ke2 e3 46. Nc4 Bc7 1/2-1/2

[Event "OLNN 1920 Hamburger SK III - Lübecker "]
[Site "?"]
[Date "2020.02.09"]
[Round "6.2"]
[White "Groetzbach, Julian"]
[Black "Svane, Frederik"]
[Result "0-1"]
[WhiteElo "2275"]
[BlackElo "2421"]
[PlyCount "76"]
[EventDate "2020.??.??"]

1. e4 c5 2. Nf3 d6 3. d4 Nf6 4. Nc3 cxd4 5. Nxd4 a6 6. a3 Nc6 7. Be2 g6 8. Be3
Bg7 9. O-O O-O 10. Re1 Bd7 11. Qd2 Rc8 12. Nxc6 Bxc6 13. f3 Re8 14. Red1 b5 15.
Bd4 Qc7 16. Rac1 Qb7 17. e5 dxe5 18. Bxe5 Ne4 19. Qd4 Nxc3 20. bxc3 f6 21. Bg3
e5 22. Qb4 e4 23. Rf1 f5 24. Rb1 Bd5 25. c4 Qa7+ 26. Kh1 Bxc4 27. Bxc4+ Rxc4
28. Qb3 Kh8 29. fxe4 fxe4 30. a4 Rxa4 31. Qd5 e3 32. Rf7 Qd4 33. Qc6 Qe4 34.
Qb7 Rd4 35. Qa7 e2 36. Re1 Rf8 37. Rxf8+ Bxf8 38. Qb8 Kg8 0-1

[Event "OLNN 1920 Hamburger SK III - Lübecker "]
[Site "?"]
[Date "2020.02.09"]
[Round "6.3"]
[White "Riess, Alexander"]
[Black "Poeck, Ole"]
[Result "1-0"]
[WhiteElo "2306"]
[BlackElo "2257"]
[PlyCount "64"]
[EventDate "2020.??.??"]

1. d4 Nf6 2. c4 e6 3. Nc3 Bb4 4. Qc2 O-O 5. Nf3 d5 6. cxd5 exd5 7. Bg5 h6 8.
Bh4 c5 9. e3 Nc6 10. dxc5 g5 11. Bg3 Ne4 12. Bd3 Qf6 13. Bxe4 dxe4 14. Nd2 Bf5
15. Nd5 Qd8 16. Bd6 Rc8 17. O-O Re8 18. a3 Bxd2 19. Qxd2 Be6 20. Rad1 Bxd5 21.
Qxd5 Qf6 22. Qb3 Nd8 23. Qb5 Rc6 24. Rd4 a6 25. Qc4 Ne6 26. Rxe4 Qxb2 27. f4
Qxa3 28. fxg5 hxg5 29. Qd5 Qc3 30. Re5 a5 31. Qf3 Re7 32. Bxe7 Qxe5 1-0

[Event "OLNN 1920 Hamburger SK III - Lübecker "]
[Site "?"]
[Date "2020.02.09"]
[Round "6.4"]
[White "Woelk, Tom-Frederic"]
[Black "Kololli, Martin"]
[Result "1/2-1/2"]
[WhiteElo "2200"]
[BlackElo "2312"]
[PlyCount "44"]
[EventDate "2020.??.??"]

1. d4 Nf6 2. c4 e6 3. Nc3 d5 4. cxd5 exd5 5. Bg5 Be7 6. e3 O-O 7. Bd3 Nbd7 8.
Nf3 Re8 9. Qc2 Nf8 10. O-O-O c6 11. Kb1 Ne4 12. Bxe7 Nxc3+ 13. bxc3 Rxe7 14. c4
dxc4 15. Bxc4 Qa5 16. Ka1 Bf5 17. Bd3 Be6 18. Nd2 Bxa2 19. Bxh7+ Nxh7 20. Qxa2
Qc3+ 21. Qb2 Qa5+ 22. Qa2 Qc3+ {(=)} 1/2-1/2

[Event "OLNN 1920 Hamburger SK III - Lübecker "]
[Site "?"]
[Date "2020.02.09"]
[Round "6.5"]
[White "Christ, Ralf"]
[Black "Bracker, Arne"]
[Result "1/2-1/2"]
[WhiteElo "2255"]
[BlackElo "2294"]
[PlyCount "27"]
[EventDate "2020.??.??"]

1. d4 Nf6 2. c4 e6 3. Nc3 Bb4 4. Nf3 d5 5. e3 O-O 6. Bd3 dxc4 7. Bxc4 c5 8. O-O
cxd4 9. exd4 b6 10. Qe2 Bb7 11. Rd1 Nbd7 12. Bg5 Qb8 13. Rac1 Rc8 14. Bb3 {(=)}
1/2-1/2

[Event "OLNN 1920 Hamburger SK III - Lübecker "]
[Site "?"]
[Date "2020.02.09"]
[Round "6.6"]
[White "Bente, Bjoern"]
[Black "Ehrke, Michael"]
[Result "1/2-1/2"]
[WhiteElo "2222"]
[BlackElo "2241"]
[PlyCount "91"]
[EventDate "2020.??.??"]

1. e4 d5 2. exd5 Qxd5 3. Nc3 Qa5 4. d4 c6 5. Bc4 Nf6 6. Bd2 Bf5 7. Nd5 Qd8 8.
Nxf6+ exf6 9. Nf3 Bd6 10. Qe2+ Qe7 11. Qxe7+ Bxe7 12. O-O-O O-O 13. Bf4 Be6 14.
d5 cxd5 15. Bxd5 Nc6 16. Rhe1 Bc5 17. Be3 Bxe3+ 18. Rxe3 Bxd5 19. Rxd5 Rfd8 20.
Red3 Rxd5 21. Rxd5 Rd8 22. Rxd8+ Nxd8 23. Kd2 Ne6 24. c4 Kf8 25. b4 Ke7 26. Ke3
Kd6 27. Nd4 a6 28. g3 g6 29. Kd3 Nf8 30. Ne2 f5 31. c5+ Kd5 32. Nc3+ Kc6 33.
Kc4 Nd7 34. f4 b6 35. cxb6 Nxb6+ 36. Kd4 Nd7 37. a4 Nf6 38. Ne2 Ng4 39. h3 Nf6
40. Kc4 Ne4 41. a5 Nd6+ 42. Kb3 Kd5 43. Nc3+ Kc6 44. Ne2 Kd5 45. Nc3+ Kc6 46.
Ne2 1/2-1/2

[Event "OLNN 1920 Hamburger SK III - Lübecker "]
[Site "?"]
[Date "2020.02.09"]
[Round "6.7"]
[White "Lampe, Dirk"]
[Black "Bach, Matthias"]
[Result "0-1"]
[WhiteElo "2165"]
[BlackElo "2270"]
[PlyCount "110"]
[EventDate "2020.??.??"]

1. e4 c5 2. Nf3 Nf6 3. e5 Nd5 4. Nc3 Nxc3 5. dxc3 e6 6. Bf4 Nc6 7. Qd2 Qc7 8.
O-O-O a6 9. h4 b5 10. h5 h6 11. Rh4 c4 12. Rg4 Ne7 13. Qe1 Bb7 14. Nd2 Nd5 15.
Bg3 Qa5 16. Kb1 Bc6 17. Ne4 Rb8 18. Rd4 b4 19. Bxc4 bxc3 20. Bb3 Bb4 21. Bxd5
Bxd5 22. b3 Kf8 23. Bf4 Qc7 24. Qe3 a5 25. Qg3 Qb6 26. Be3 Qa6 27. Rxg7 Qf1+
28. Bc1 Bxe4 29. Rxe4 Ba3 30. Rxf7+ Ke8 31. Qf4 Qxc1+ 32. Qxc1 Bxc1 33. Rf3 Bd2
34. Rd3 Rf8 35. f3 Rb4 36. Rxb4 axb4 37. a3 bxa3 38. Ka2 Rf5 39. g4 Rxe5 40.
Kxa3 Re3 41. Rxe3 Bxe3 42. Kb4 Bd4 43. Kc4 Be5 44. Kd3 d5 45. Ke3 Bf6 46. f4
Kd7 47. Kd3 Kc6 48. Ke3 Kd6 49. Kd3 e5 50. Kxc3 exf4+ 51. Kd3 Ke5 52. c3 Bd8
53. b4 Bb6 54. c4 dxc4+ 55. Kxc4 f3 0-1

[Event "OLNN 1920 Hamburger SK III - Lübecker "]
[Site "?"]
[Date "2020.02.09"]
[Round "6.8"]
[White "Zieher, Hartmut"]
[Black "Hein, Andreas"]
[Result "1/2-1/2"]
[WhiteElo "2146"]
[BlackElo "2269"]
[PlyCount "74"]
[EventDate "2020.??.??"]

1. e4 c6 2. d4 d5 3. e5 c5 4. dxc5 e6 5. Be3 Qc7 6. Nf3 Bxc5 7. Bxc5 Qxc5 8.
Bd3 Nc6 9. a3 a6 10. O-O Nge7 11. Re1 Ng6 12. g3 O-O 13. Nbd2 f6 14. exf6 Rxf6
15. b4 Qb6 16. c4 Bd7 17. Re3 Raf8 18. Bxg6 hxg6 19. c5 Qc7 20. Qb3 Ne7 21.
Rae1 Nf5 22. Re5 Nh6 23. h3 Qc8 24. Qd3 Nf7 25. R5e3 Bc6 26. Qd4 e5 27. Nxe5
Nxe5 28. Rxe5 Rxf2 29. Re6 g5 30. Rg6 R8f6 31. Rxf6 Rxf6 32. Kg2 Rh6 33. g4 Rf6
34. Rf1 Qe6 35. Nf3 Rf4 36. Qe5 Qxe5 37. Nxe5 Re4 1/2-1/2

[Event "OLNN 1920 Lübecker SV - Schachfreunde "]
[Site "?"]
[Date "2020.03.01"]
[Round "7.1"]
[White "Bokelbrink, Uwe"]
[Black "Kalinitschew, Sergey"]
[Result "1/2-1/2"]
[WhiteElo "2233"]
[BlackElo "2437"]
[PlyCount "123"]
[EventDate "2020.??.??"]

1. e4 e6 2. b3 b6 3. Nf3 Bb7 4. Nc3 d5 5. exd5 exd5 6. Bb5+ c6 7. Bd3 Nf6 8.
O-O Be7 9. Nd4 g6 10. Re1 O-O 11. Bb2 c5 12. Nf3 Nc6 13. Bb5 d4 14. Ne4 Nxe4
15. Rxe4 Nb4 16. Re1 Bxf3 17. gxf3 Bd6 18. Re4 Nd5 19. Kh1 f5 20. Re6 Nf4 21.
Qe1 Qg5 22. Bf1 Rad8 23. c3 Kf7 24. Rxd6 Rxd6 25. cxd4 Re8 26. Qc1 Ne6 27. dxc5
bxc5 28. Be5 Rxd2 29. Bc4 Red8 30. Qe1 Qe7 31. Qe3 Rd1+ 32. Kg2 Ke8 33. Bb5+
Kf7 34. Bc4 Ke8 35. Bb5+ Kf7 36. Bc4 R1d5 37. Bxd5 Rxd5 38. f4 Qd7 39. Qh3 h5
40. Qh4 Qd8 41. Qxd8 Rxd8 42. Rb1 Rd2 43. a4 a5 44. Kg3 Rd3+ 45. f3 Ke7 46. Kf2
Nd4 47. Bxd4 Rxd4 48. Rg1 Rd2+ 49. Kg3 Rd3 50. Kf2 Rxb3 51. Rxg6 Rb4 52. Rc6 c4
53. Rc5 Rxa4 54. Rxf5 h4 55. Ke3 Ra2 56. h3 c3 57. Rh5 a4 58. Rxh4 a3 59. Rh7+
Kd6 60. Ra7 Ra1 61. Kd3 Rf1 62. Rxa3 1/2-1/2

[Event "OLNN 1920 Lübecker SV - Schachfreunde "]
[Site "?"]
[Date "2020.03.01"]
[Round "7.2"]
[White "Svane, Frederik"]
[Black "Ritscher, Jan-Paul"]
[Result "1/2-1/2"]
[WhiteElo "2423"]
[BlackElo "2249"]
[PlyCount "94"]
[EventDate "2020.??.??"]

1. e4 Nf6 2. e5 Nd5 3. d4 d6 4. Nf3 Bg4 5. Be2 e6 6. O-O Be7 7. h3 Bh5 8. c4
Nb6 9. Nc3 O-O 10. Be3 d5 11. cxd5 Nxd5 12. Nxd5 Qxd5 13. Rc1 Nc6 14. Bc4 Qd8
15. a3 a6 16. g4 Bg6 17. d5 Na5 18. Ba2 exd5 19. Bxd5 c6 20. Ba2 Be4 21. Nd4
Bd5 22. Bxd5 cxd5 23. Nf5 Re8 24. Nxe7+ Qxe7 25. Qxd5 Nc6 26. e6 fxe6 27. Qg5
Qf7 28. Rfd1 Rad8 29. Kh2 Rd5 30. Qf4 Qd7 31. Rxd5 exd5 32. Re1 Re4 33. Qf3 Ne5
34. Qd1 Qf7 35. Kg2 d4 36. Bd2 Qd5 37. Kg3 h6 38. Rxe4 Qxe4 39. Bf4 Ng6 40. Qf3
Qe1 41. Qd5+ Kh7 42. Qxd4 Qg1+ 43. Kf3 Qh1+ 44. Kg3 Qg1+ 45. Kf3 Qh1+ 46. Ke3
Qc1+ 47. Kf3 Qh1+ 1/2-1/2

[Event "OLNN 1920 Lübecker SV - Schachfreunde "]
[Site "?"]
[Date "2020.03.01"]
[Round "7.3"]
[White "Hermesmann, Hans"]
[Black "Riess, Alexander"]
[Result "1-0"]
[WhiteElo "2199"]
[BlackElo "2315"]
[PlyCount "37"]
[EventDate "2020.??.??"]

1. d4 Nf6 2. c4 g6 3. Nc3 d5 4. Bg5 Bg7 5. e3 c5 6. Nf3 Ne4 7. Bh4 cxd4 8. exd4
Nc6 9. cxd5 Nxc3 10. bxc3 Qxd5 11. Be2 Qa5 12. O-O Qxc3 13. Rc1 Qa3 14. d5 Ne5
15. Rc7 Bf6 16. Bxf6 exf6 17. Nxe5 fxe5 18. d6 Bd7 19. Qd5 1-0

[Event "OLNN 1920 Lübecker SV - Schachfreunde "]
[Site "?"]
[Date "2020.03.01"]
[Round "7.4"]
[White "Kololli, Martin"]
[Black "Jaeckle, Marco"]
[Result "1-0"]
[WhiteElo "2309"]
[BlackElo "2210"]
[PlyCount "73"]
[EventDate "2020.??.??"]

1. e4 e6 2. d4 d5 3. Nd2 Nc6 4. Ngf3 Nf6 5. e5 Nd7 6. Be2 f6 7. exf6 Qxf6 8.
Nf1 Bd6 9. Ne3 O-O 10. O-O Bf4 11. g3 Bxe3 12. Bxe3 e5 13. dxe5 Ndxe5 14. Nxe5
Qxe5 15. Bf4 Rxf4 16. gxf4 Qxf4 17. Qxd5+ Kh8 18. Bd3 Bh3 19. Qh5 Qh6 20. Qxh6
gxh6 21. f3 Ne5 22. Rf2 Rg8+ 23. Kh1 Nxf3 24. Bc4 Rg5 25. Rd1 Kg7 26. Bd5 Ne5
27. Re1 c6 28. Bg2 Bxg2+ 29. Rxg2 Ng6 30. Rd1 Rb5 31. Rd7+ Kf6 32. c4 Re5 33.
Rf2+ Kg5 34. h3 Re3 35. Kh2 Nf4 36. Rg7+ Kf6 37. Rg4 1-0

[Event "OLNN 1920 Lübecker SV - Schachfreunde "]
[Site "?"]
[Date "2020.03.01"]
[Round "7.6"]
[White "Ehrke, Michael"]
[Black "Steinmetz, Oliver"]
[Result "1-0"]
[WhiteElo "2240"]
[BlackElo "1949"]
[PlyCount "130"]
[EventDate "2020.??.??"]

1. d4 g6 2. Bf4 f5 3. e3 Nf6 4. Nf3 Bg7 5. h4 d6 6. h5 Ne4 7. Nbd2 Nc6 8. Bb5
e6 9. hxg6 hxg6 10. Rxh8+ Bxh8 11. Nxe4 fxe4 12. Nd2 e5 13. dxe5 dxe5 14. Bg3
Bf5 15. Nc4 Qe7 16. Qd5 Rd8 17. Qg8+ Kd7 18. O-O-O+ Kc8 19. Rxd8+ Qxd8 20.
Qxd8+ Nxd8 21. Bxe5 Bxe5 22. Nxe5 c6 23. Bc4 Kc7 24. g4 Bc8 25. Nxg6 Bxg4 26.
Nf4 Kd6 27. Kd2 b5 28. Be2 Bf5 29. Bh5 a5 30. Kc3 c5 31. Be8 Nc6 32. Bxc6 Kxc6
33. a3 b4+ 34. axb4 axb4+ 35. Kb3 Kb5 36. c3 Bg4 37. cxb4 cxb4 38. Kc2 Kc4 39.
b3+ Kc5 40. Kd2 Bf5 41. Ne2 Be6 42. Nd4 Bd5 43. Ke2 Kd6 44. Kf1 Ke5 45. Kg2 Kf6
46. Kh3 Kg5 47. Kg3 Bf7 48. f3 Bd5 49. f4+ Kh5 50. Kh3 Bb7 51. Nc2 Bd5 52. Nxb4
Bxb3 53. Nc6 Be6+ 54. Kg3 Bc8 55. Nd4 Bd7 56. Nb3 Bc6 57. Nc5 Bd5 58. Kh3 Bc6
59. Ne6 Bd7 60. f5 Bxe6 61. fxe6 Kg6 62. Kg4 Kf6 63. Kf4 Kxe6 64. Kxe4 Kd6 65.
Kf5 Ke7 1-0

[Event "OLNN 1920 Lübecker SV - Schachfreunde "]
[Site "?"]
[Date "2020.03.01"]
[Round "7.7"]
[White "Jaeger, Thorsten"]
[Black "Lampe, Dirk"]
[Result "0-1"]
[WhiteElo "1776"]
[BlackElo "2158"]
[PlyCount "62"]
[EventDate "2020.??.??"]

1. d4 Nf6 2. Nf3 g6 3. g3 Bg7 4. Bg2 O-O 5. O-O d6 6. c4 c6 7. Nc3 Qa5 8. d5
cxd5 9. cxd5 Bd7 10. Nd4 Rc8 11. Qd3 Na6 12. Nb3 Qd8 13. Be3 Nb4 14. Qd2 a5 15.
Bd4 a4 16. Nc1 Qa5 17. Rd1 Rc4 18. e3 Bh6 19. Qe2 Qc7 20. a3 Na6 21. Nd3 b5 22.
Bf1 Qb7 23. Bg2 Rac8 24. Bxf6 exf6 25. Ne4 Bf8 26. Nxf6+ Kh8 27. Rac1 Bf5 28.
e4 Qe7 29. Ng4 Bxe4 30. Rxc4 Rxc4 31. Re1 Bxd3 0-1

[Event "OLNN 1920 SV Diagonale Harburg - Hambur"]
[Site "?"]
[Date "2020.03.01"]
[Round "7.1"]
[White "Groetzbach, Julian"]
[Black "Kuberczyk, Christoph"]
[Result "1/2-1/2"]
[WhiteElo "2280"]
[BlackElo "2350"]
[PlyCount "36"]
[EventDate "2020.??.??"]

1. e4 e5 2. Nf3 Nc6 3. Bb5 a6 4. Ba4 Nf6 5. O-O Be7 6. Re1 b5 7. Bb3 d6 8. c3
O-O 9. a4 Bd7 10. d4 h6 11. Nbd2 Re8 12. Nf1 exd4 13. Nxd4 Bf8 14. Ng3 Nxd4 15.
cxd4 c6 16. Qf3 Bg4 17. Qc3 Rc8 18. f3 Be6 1/2-1/2

[Event "OLNN 1920 SV Diagonale Harburg - Hambur"]
[Site "?"]
[Date "2020.03.01"]
[Round "7.3"]
[White "Poeck, Ole"]
[Black "Guindy, Esmat Susanne"]
[Result "1/2-1/2"]
[WhiteElo "2248"]
[BlackElo "2128"]
[PlyCount "113"]
[EventDate "2020.??.??"]

1. e4 e6 2. d4 d5 3. Nc3 Nf6 4. Bg5 dxe4 5. Nxe4 Be7 6. Bxf6 gxf6 7. Nf3 b6 8.
Bb5+ c6 9. Bd3 Bb7 10. Qe2 Qc7 11. O-O-O Nd7 12. Kb1 O-O-O 13. Rhe1 Nf8 14. Ba6
f5 15. Ned2 Bf6 16. Bxb7+ Kxb7 17. Nc4 Ng6 18. g3 Rd5 19. c3 h5 20. Nfe5 Bxe5
21. dxe5 h4 22. f4 hxg3 23. hxg3 Kb8 24. Nd6 f6 25. Rxd5 exd5 26. Nxf5 fxe5 27.
fxe5 Qh7 28. Qc2 Re8 29. Nh4 Re6 30. Qf5 Qg8 31. Nxg6 Qxg6 32. g4 Kc7 33. Kc1
c5 34. Rf1 Qxf5 35. Rxf5 Rh6 36. Kd2 Rh4 37. Rf7+ Kc6 38. Rf6+ Kd7 39. Rg6 Rh3
40. Ke2 Ke7 41. Kf2 d4 42. cxd4 cxd4 43. Rd6 Rh2+ 44. Kf3 Rxb2 45. g5 Rxa2 46.
g6 Ra1 47. Rxd4 Rf1+ 48. Kg4 Ke6 49. Re4 Rg1+ 50. Kf4 Rxg6 51. Rd4 Ke7 52. Rc4
Rg1 53. Rc7+ Ke6 54. Rxa7 Rf1+ 55. Ke4 Re1+ 56. Kd4 Rxe5 57. Re7+ 1/2-1/2

[Event "OLNN 1920 SV Diagonale Harburg - Hambur"]
[Site "?"]
[Date "2020.03.01"]
[Round "7.4"]
[White "Martin-Sommerfeldt, Luis"]
[Black "Woelk, Tom-Frederic"]
[Result "0-1"]
[WhiteElo "2016"]
[BlackElo "2163"]
[PlyCount "176"]
[EventDate "2020.??.??"]

1. Nf3 Nf6 2. g3 b5 3. Bg2 Bb7 4. O-O e6 5. b3 c5 6. Bb2 Be7 7. d3 d5 8. e3 O-O
9. Nbd2 Nbd7 10. a3 a5 11. c4 Bc6 12. Qc2 a4 13. bxa4 Rxa4 14. cxb5 Bxb5 15.
Rfd1 Qa8 16. Qc3 Qa6 17. Ne1 Rb8 18. Bf1 Ne8 19. Qc1 Nd6 20. Nb1 d4 21. Nd2 Bf6
22. e4 c4 23. dxc4 Nxc4 24. Nxc4 Bxc4 25. Nd3 Qb7 26. Rd2 Qxe4 27. Bg2 Qf5 28.
Nb4 Qc5 29. Qd1 Bb5 30. Bxd4 Bxd4 31. Rxd4 Nf8 32. Rc1 Qa7 33. Nc2 Rxd4 34.
Qxd4 Qc7 35. Qd2 Rc8 36. Rb1 Ba4 37. Ne3 Qc3 38. Qxc3 Rxc3 39. Ra1 f5 40. Bf1
Kf7 41. Nc4 Rb3 42. Nd2 Rb2 43. Nc4 Rb8 44. Re1 Kf6 45. Re3 Nd7 46. Rd3 Rb1 47.
Rc3 g5 48. f3 Ra1 49. h3 Bb5 50. Ne3 Ne5 51. Kf2 Ra2+ 52. Rc2 Rxc2+ 53. Nxc2
Bxf1 54. Kxf1 Nxf3 55. a4 Ne5 56. a5 Nc6 57. a6 Ke5 58. Nb4 Na7 59. Ke2 Kd4 60.
Nd3 e5 61. Ne1 e4 62. Nc2+ Ke5 63. Ke3 f4+ 64. gxf4+ gxf4+ 65. Kf2 Kd5 66. Ne1
Ke5 67. Nc2 Nc6 68. Ne1 Kf5 69. Nc2 Na7 70. Nd4+ Ke5 71. Nc2 Nb5 72. Ne1 h6 73.
Nc2 h5 74. Ne1 Kf5 75. Nc2 Kg5 76. Nd4 Na7 77. Ne6+ Kf5 78. Ng7+ Kg6 79. Ne6
Kf5 80. Ng7+ Ke5 81. Nxh5 Nc6 82. Ng7 e3+ 83. Kf1 Ke4 84. Ne6 f3 85. Ng5+ Kf4
86. Nxf3 Kxf3 87. h4 e2+ 88. Ke1 Ke3 0-1

[Event "OLNN 1920 SV Diagonale Harburg - Hambur"]
[Site "?"]
[Date "2020.03.01"]
[Round "7.5"]
[White "Bracker, Arne"]
[Black "Becker, Martin"]
[Result "1-0"]
[WhiteElo "2293"]
[BlackElo "1926"]
[PlyCount "97"]
[EventDate "2020.??.??"]

1. e4 c6 2. d4 d5 3. exd5 cxd5 4. Bd3 Nf6 5. c3 Nc6 6. h3 g6 7. Nf3 Bg7 8. O-O
O-O 9. Qc2 Bd7 10. Bf4 Rc8 11. Qb3 Na5 12. Qa3 a6 13. Nbd2 Nh5 14. Bh2 Bh6 15.
Rfe1 Be6 16. b4 Nc6 17. Nb3 Bf4 18. Nc5 Qc7 19. Rxe6 Bxh2+ 20. Nxh2 fxe6 21.
Nxe6 Qd6 22. Nxf8 Rxf8 23. Ng4 a5 24. Qb2 axb4 25. c4 Nf4 26. Bf1 h5 27. Ne3 e6
28. g3 dxc4 29. Nxc4 Qd5 30. Ne3 Qg5 31. h4 Qf6 32. gxf4 Qxf4 33. Rd1 Qxh4 34.
Bg2 Qg5 35. Qb3 Rf6 36. d5 Ne5 37. dxe6 Nf3+ 38. Kf1 Nh2+ 39. Ke1 Qf4 40. e7+
Kh7 41. Rd2 Qe5 42. Rd8 Qxe7 43. Qg8+ Kh6 44. Qh8+ Kg5 45. Rd5+ Kh4 46. Qb8
Nf3+ 47. Bxf3 Rxf3 48. Qh2+ Rh3 49. Qf4# 1-0

[Event "OLNN 1920 SV Diagonale Harburg - Hambur"]
[Site "?"]
[Date "2020.03.01"]
[Round "7.7"]
[White "Zieher, Hartmut"]
[Black "Haschimi, Haschem"]
[Result "1-0"]
[WhiteElo "2149"]
[BlackElo "1900"]
[PlyCount "77"]
[EventDate "2020.??.??"]

1. e4 c5 2. Nf3 Nc6 3. d4 cxd4 4. Nxd4 e5 5. Nb5 d6 6. c4 a6 7. N5c3 Nf6 8. Be2
Be7 9. Be3 Be6 10. O-O O-O 11. b3 Rc8 12. Nd2 Qd7 13. Rc1 Ng4 14. Bxg4 Bxg4 15.
f3 Be6 16. Qe2 Qe8 17. Rfd1 f6 18. Nf1 Qg6 19. Nd5 Bd8 20. Nb6 Bxb6 21. Bxb6
Nd4 22. Bxd4 exd4 23. Rxd4 Rc6 24. Rcd1 Rd8 25. Ne3 h5 26. Nd5 Qf7 27. Nf4 Bc8
28. Qf2 b5 29. cxb5 axb5 30. Rd5 g5 31. Nd3 Be6 32. Rxb5 Rdc8 33. h3 Qc7 34.
Qd4 Kg7 35. Rxg5+ Kf7 36. Rxh5 Rg8 37. Rh7+ Rg7 38. Rxg7+ Kxg7 39. Nf4 1-0